banner koha

Change of the mTOR pathway in tissues of overfed geese (Registro n. 248461)

MARC details
000 -LÍDER
campo de controle de tamanho fixo 00994nas a2200349 4500
001 - NÚMERO DE CONTROLE
campo de controle BR2016001492
003 - IDENTIFICADOR DO NÚMERO DE CONTROLE
campo de controle BR-BrBNA
005 - DATA E HORÁRIO DA ÚLTIMA TRANSAÇÃO
campo de controle 20231205130241.0
007 - CAMPO FIXO DE DESCRIÇÃO FÍSICA--INFORMAÇÃO GERAL
campo de controle de tamanho fixo ta
008 - CAMPO DE DADOS FIXOS--INFORMAÇÃO GERAL
campo de controle de tamanho fixo 230509b bl.|||p| |||| 00| 00por d
040 ## - FONTE DA CATALOGAÇÃO
Instituição da catalogação original BR-BrBNA
Idioma da catalogação por
Instituição que transcreveu o registro Biblioteca Nacional de Agricultura
041 ## - CÓDIGO DE IDIOMA
Código do idioma do texto/trilha sonora ou título diferente (En)
072 ## - CÓDIGO DE CATEGORIA DE ASSUNTO
Código de Categoria de Assunto L51
100 1# - ENTRADA PRINCIPAL--NOME PESSOAL
Nome pessoal Han, C.
100 1# - ENTRADA PRINCIPAL--NOME PESSOAL
Nome pessoal Ye, F.
100 1# - ENTRADA PRINCIPAL--NOME PESSOAL
Nome pessoal Shen, X.
100 1# - ENTRADA PRINCIPAL--NOME PESSOAL
Nome pessoal Liu, D.
100 1# - ENTRADA PRINCIPAL--NOME PESSOAL
Nome pessoal He, F.
100 1# - ENTRADA PRINCIPAL--NOME PESSOAL
Nome pessoal Wei, S.
100 1# - ENTRADA PRINCIPAL--NOME PESSOAL
Nome pessoal Xu, H.
100 1# - ENTRADA PRINCIPAL--NOME PESSOAL
Nome pessoal Li, L.
100 1# - ENTRADA PRINCIPAL--NOME PESSOAL
Nome pessoal Liu, H.
245 1# - TÍTULO
Título Change of the mTOR pathway in tissues of overfed geese<br/>
650 ## - ASSUNTO--TERMO TÓPICO
Cabeçalho tópico ou nome geográfico GANSO
650 ## - ASSUNTO--TERMO TÓPICO
Cabeçalho tópico ou nome geográfico NUTRIÇÃO ANIMAL
650 ## - ASSUNTO--TERMO TÓPICO
Cabeçalho tópico ou nome geográfico TECIDO
650 ## - ASSUNTO--TERMO TÓPICO
Cabeçalho tópico ou nome geográfico FISIOLOGIA ANIMAL
773 0# - ENTRADA ANALÍTICA
Título Revista Brasileira de Ciência Avícola (Brazil)
ISSN - International Standard Serial Number ISSN 1806-9061
Partes relacionadas (Jul-Sep 2015), v. 17(3) p. 293-300
Número de controle do registro BR2016001492
856 40 - LOCALIZAÇÃO ELETRÔNICA E ACESSO
Uniform Resource Identifier <a href="http://www.scielo.br/pdf/rbca/v17n3/1516-635X-rbca-17-03-00293.pdf">http://www.scielo.br/pdf/rbca/v17n3/1516-635X-rbca-17-03-00293.pdf</a>
909 ## -
-- 202311
-- Lúcia
-- 55
-- Lúcia Elande
942 ## - ELEMENTOS DE ENTRADA ADICIONADOS (KOHA)
Fonte da classificação ou esquema de arquivamento na estante Classificação AGRIS
Ocultar no OPAC Não
Tipo de material Koha Analítica
Exemplares
Situação do descarte Fonte da classificação ou esquema de arquivamento na estante Situação física Não pode ser emprestado Biblioteca de origem Biblioteca atual Localização na estante Enumeração do periódico / cronologia Total de empréstimos Data de último acesso Número do exemplar Tipo de material Koha Fonte de aquisição
  Classificação AGRIS   Consulta local Biblioteca Nacional de Agricultura - Binagri Biblioteca Nacional de Agricultura - Binagri   (Jul-Sep 2015), v. 17(3) p. 293-300   29/11/2023 01 Periódicos Portaria Interministerial nº 164/94

BINAGRI

Telefone: (61)3218-2567/2388/3357/2097 - binagri@agro.gov.br

Ministério da Agricultura e Pecuária , Esplanada dos Ministérios, Bloco D, Anexo B, Brasília/DF, CEP: 70.043-900